Statistics for Crime: robbery

Click here to take the quiz!

General Stats

  • This quiz has been taken 13 times
  • The average score is 7 of 30

Answer Stats

HintAnswer% Correct
19.USA
100%
14.England and Wales
83%
5.Mexico
75%
30.Sweden and Canada
67%
18.Peru
50%
12.Spain
42%
2.Argentina
33%
22.Italy
33%
6.South Africa
33%
20.Venezuela
33%
4.Costa Rica
25%
13.Portugal
25%
11.Belgium
17%
15.Belize
17%
23.Bolivia
17%
1.Chile
17%
25.Guatemala
17%
3.Dominican Republic
8%
24.Thailand
8%
10.Uruguay
8%
26.Zimbabwe
8%
16.Barbados
0%
27.Belarus
0%
8.Ecuador
0%
28.Latvia
0%
21.Lithuania
0%
29.Luxembourg
0%
17.Maldives
0%
7.Nicaragua
0%
9.Swaziland
0%

Score Distribution

Percentile by Number Answered

Percent of People with Each Score

Your Score History

You have not taken this quiz